| 000 | 00463nam a22001697a 4500 | ||
|---|---|---|---|
| 003 | NUST - PNEC | ||
| 005 | 20170116180756.0 | ||
| 008 | 150403b xxu||||| |||| 00| 0 eng d | ||
| 040 | _cLIBRARY | ||
| 082 | _a297.22 WAH | ||
| 100 |
_92084 _aWaheed U Zaman |
||
| 245 |
_aSahih Muslim Sharif Vol 3-4 _cAlama Waheed U Zaman |
||
| 260 |
_aLahore: _bKhalid Ehsan Publishers, _cc1981. |
||
| 300 |
_a389 p.: _c24 cm. |
||
| 651 |
_92085 _aIslam, Hadees |
||
| 942 |
_2ddc _cBK |
||
| 999 |
_c62744 _d62744 |
||